00846nam a2200241 a 450000100060000000300080000600500170001400800410003102000120007203500200008404000270010404100080013108200290013910000270016824500750019526000950027030000330036550000500039850400510044865000440049970000220054374000390056547221BD-RjUL20211209054258.0160807s1984 ii a b 001 0 eng  cRs85.00 a(BD-RjUL) 47340 aDLCcDLCdBD-RjULbeng aeng00a345.406134223bSAW 19840 aSachchidananda,d1926-10aWomen's rights :bmyth and reality /cSachchidananda, Ramesh P. Sinha. aJaipur :bPrintwell Publishers :bExclusive distributors, Rupa Books International,c1984. avi, 126 p. :bIll. ;c23 cm. aCover title: Women's rights : myth & reality. aIncludes bibliographical references and index. 0aWomenxLegal status, laws, etc.zIndia. aSinha, Ramesh P. 0 aWomen's rights : myth and reality.